Lettres à mgr. l'évêque de Langres, (Record no. 22842)
[ view plain ]
| 000 -LEADER | |
|---|---|
| fixed length control field | 00931cam a22002771 4500 |
| 001 - CONTROL NUMBER | |
| control field | f 01002503 |
| 003 - CONTROL NUMBER IDENTIFIER | |
| control field | DLC |
| 005 - DATE AND TIME OF LATEST TRANSACTION | |
| control field | 20260227111243.0 |
| 008 - FIXED-LENGTH DATA ELEMENTS--GENERAL INFORMATION | |
| fixed length control field | 770920s1842 fr c b 001 0 fre |
| 010 ## - LIBRARY OF CONGRESS CONTROL NUMBER | |
| LC control number | f 01002503 |
| 035 ## - SYSTEM CONTROL NUMBER | |
| System control number | (OCoLC)3280274 |
| 040 ## - CATALOGING SOURCE | |
| Original cataloging agency | DLC |
| Transcribing agency | InNd |
| Modifying agency | DLC |
| 042 ## - AUTHENTICATION CODE | |
| Authentication code | premarc |
| 043 ## - GEOGRAPHIC AREA CODE | |
| Geographic area code | a------ |
| 050 00 - LIBRARY OF CONGRESS CALL NUMBER | |
| Classification number | BV2185 |
| Item number | .L8 |
| 082 ## - DEWEY DECIMAL CLASSIFICATION NUMBER | |
| Classification number | 275 |
| -- | [266.2] |
| 100 1# - MAIN ENTRY--PERSONAL NAME | |
| Personal name | Luquet, J.-F.-O. |
| Fuller form of name | (Jean Felix Onésime) |
| 245 00 - TITLE STATEMENT | |
| Title | Lettres à mgr. l'évêque de Langres, |
| Remainder of title | sur la Congrégation des missions étrangères, |
| Statement of responsibility, etc. | par J.-F.-O. Luquet. |
| 260 ## - PUBLICATION, DISTRIBUTION, ETC. | |
| Place of publication, distribution, etc. | Paris, |
| Name of publisher, distributor, etc. | Gaume frères, |
| Date of publication, distribution, etc. | 1842. |
| 300 ## - PHYSICAL DESCRIPTION | |
| Extent | 3 p. l., [iii]-xxxiv (i. e. xxxvi), 584 p., 1 l. |
| Other physical details | front. (port.) |
| Dimensions | 21 1/2 cm. |
| 500 ## - GENERAL NOTE | |
| General note | Page xxxvi incorrectly numbered xxxiv. |
| 504 ## - BIBLIOGRAPHY, ETC. NOTE | |
| Bibliography, etc. note | "Table des ouvrage cités": p. [577]-565. |
| 610 20 - SUBJECT ADDED ENTRY--CORPORATE NAME | |
| Corporate name or jurisdiction name as entry element | Missions étrangères de Paris. |
| 610 20 - SUBJECT ADDED ENTRY--CORPORATE NAME | |
| Corporate name or jurisdiction name as entry element | Catholic Church |
| General subdivision | Missions. |
| 650 #0 - SUBJECT ADDED ENTRY--TOPICAL TERM | |
| Topical term or geographic name entry element | Missions |
| Geographic subdivision | Asia. |
No items available.